000 00611cam a2200205 4500
001 ABS62117
008 000000n2000 000 0 eng u
035 _a(Sirsi) u104908
100 _aHayes, J.
245 _aCowboys back in town
260 _c2000
490 _aThe Valuer
_v69(2) March/April 2000, 22(1)
520 _aSummarises the changes that will take effect on 1 April 2000 arising from the rating revaluation.
590 _aABS
650 _aRATING REVALUATION 2000
650 _aUNIFORM BUSINESS RATE
650 _aTRANSITIONAL RELIEF
690 _aRATING AND LOCAL TAXATION
942 _n0
999 _c62935
_d62935